| 000 | 00801nam a22002411u 4500 | ||
|---|---|---|---|
| 001 | 06106 | ||
| 003 | HDC | ||
| 007 | cr bn ---aaaaa | ||
| 008 | 210122p9999 my | d 00 engg | ||
| 040 | _aHDC | ||
| 245 | 0 | _aStrategy Paper 18: Transforming Services Sector | |
| 260 |
_a[no place] : _b[publisher not identified], _c[no year] |
||
| 300 | _a 1 online resource (82 pages) | ||
| 336 |
_atext _2rdacontent |
||
| 337 |
_acomputer _2rdamedia |
||
| 338 |
_aonline resource _2rdacarrier |
||
| 650 |
_aeconomic growth _94226 |
||
| 650 |
_aServices sector _96406 |
||
| 856 | _zRequest full-text at [email protected] | ||
| 942 | _2lcc | ||
| 942 | _cEIS | ||
| 942 | _kREPT 000256 | ||
| 999 |
_c3430 _d3430 |
||